Understanding Adolescence / (Record no. 154888)

MARC details
000 -LEADER
fixed length control field 00511nam a22001817a 4500
003 - CONTROL NUMBER IDENTIFIER
control field dpl
005 - DATE AND TIME OF LATEST TRANSACTION
control field 20180809124911.0
008 - FIXED-LENGTH DATA ELEMENTS--GENERAL INFORMATION
fixed length control field 180726b xxu||||| |||| 00| 0 eng d
020 ## - INTERNATIONAL STANDARD BOOK NUMBER
International Standard Book Number 8123727666
Terms of availability 35.00
035 ## - SYSTEM CONTROL NUMBER
System control number B-8413, B-008416
040 ## - CATALOGING SOURCE
Original cataloging agency DPL
Language of cataloging EN
Transcribing agency 0
082 ## - DEWEY DECIMAL CLASSIFICATION NUMBER
Classification number 305.2355
100 ## - MAIN ENTRY--PERSONAL NAME
Personal name Sharma,Neerja
245 ## - TITLE STATEMENT
Title Understanding Adolescence /
Statement of responsibility, etc by Neerja Sharma
260 ## - PUBLICATION, DISTRIBUTION, ETC. (IMPRINT)
Place of publication, distribution, etc New Delhi
Name of publisher, distributor, etc National Book Trust
Date of publication, distribution, etc 1999
300 ## - PHYSICAL DESCRIPTION
Extent xi,136p.;
Dimensions 20cm
942 ## - ADDED ENTRY ELEMENTS (KOHA)
Source of classification or shelving scheme Dewey Decimal Classification
Koha item type English Books
Classification part 305.2355
Call number suffix SHA
Holdings
Withdrawn status Lost status Source of classification or shelving scheme Damaged status Not for loan Collection code Home library Current library Date acquired Source of acquisition Cost, normal purchase price Total Checkouts Full call number Barcode Date last seen Cost, replacement price Price effective from Koha item type
    Dewey Decimal Classification     Non-fiction Patel Nagar Patel Nagar 26/07/2018 BPPD/PUB 35.00   305.2355 SHA B-008413 26/07/2018 35.00 26/07/2018 English Books
    Dewey Decimal Classification     Non-fiction Shahdara Branch Shahdara Branch 09/08/2018 BPPD/PUB 35.00   305.2355 SHA B-008416 09/08/2018 35.00 09/08/2018 English Books

© Delhi Public Library
Hit Counter
free hit counter